Llwytho...

Methods in microbiology V.38

Manylion Llyfryddiaeth
Prif Awdur: Norris, J.R
Fformat: Printed Book
Iaith:Undetermined
English
Cyhoeddwyd: London Acadamic Press 1974
Pynciau:
LEADER 00532nam a2200169Ia 4500
008 140306s9999 xx 000 0 und d
041 |a eng 
082 |a 576  |b NOR/ME 
100 |a Norris, J.R 
245 |a Methods in microbiology V.38 
260 |a London  |b Acadamic Press  |c 1974 
300 |a 369 
365 |b UKP.6.50 
650 |a Micro-organisms 
942 |2 ddc  |c BK 
999 |c 110058  |d 110058 
952 |0 0  |1 0  |2 ddc  |4 0  |6 576_000000000000000_NORME  |7 0  |9 107533  |a KAUHCV  |b KAUHCV  |d 2004-03-27  |g 6.50  |o 576 NOR/ME  |p KAU_HCV-1110  |r 2014-03-22  |w 2014-03-22  |y BK